000 00422nam a2200169Ia 4500
008 230524s9999 xx 000 0 und d
020 _a8177000438
082 _a621.3821
_bMIT
100 _aAshfaq Husain
245 0 _aFundamentals of Electrical Engineering
250 _a2ND
260 _aNEW DELHI
_bDhanpatirai
_c2004
300 _aXII;697
500 _aQuantity Number: 19
650 _aElectrical
942 _cBK
999 _c13538
_d13538